| 000 | 01089nam a2200289Ia 4500 | ||
|---|---|---|---|
| 003 | OSt | ||
| 005 | 20201006105912.0 | ||
| 008 | 191128s1989 sp gr 000 0 spa d | ||
| 020 | _a9580408661 | ||
| 040 |
_aCO-JMCR _cCO-JMCR |
||
| 041 | 0 |
_aspa _heng |
|
| 082 | 0 | 4 |
_a305.231 / _bG158s _223 |
| 100 |
_aGalinsky, Ellen, _eautora _911289 |
||
| 245 | 1 | 0 |
_aSer padre ser madre : _blas seis etapas de la paternidad / _cEllen Galinsky ; traducción de Vicente Uribe Uribe |
| 260 |
_aBarcelona : _bNorma, _c1989. |
||
| 300 |
_a436 páginas ; _c24 cm. |
||
| 504 | _aBibliografía : páginas 415-429. | ||
| 520 | 0 | _aCasi todos los libros dirigidos a los padres centran su atención en el desarrollo de los hijos. Ellen Galinsky, eb cambio, escribe acerca del desarrollo de los padres. | |
| 534 | _pThe Six Stages of Parenthood | ||
| 546 | _aTraducido del Inglés | ||
| 650 | 2 | 4 |
_aPadre e hijo _911290 |
| 650 | 2 | 4 |
_aPaternidad _911291 |
| 650 | 2 | 4 |
_aPsicología infantil _92491 |
| 650 | 2 | 4 |
_aDesarrollo infantil _9162 |
| 700 |
_aUribe Uribe, Vicente, _etraductor _911292 |
||
| 942 |
_2ddc _cBK |
||
| 999 |
_c4610 _d4610 |
||